<?xml version="1.0" encoding="UTF-8"?>
<record
    xmlns:xsi="http://www.w3.org/2001/XMLSchema-instance"
    xsi:schemaLocation="http://www.loc.gov/MARC21/slim http://www.loc.gov/standards/marcxml/schema/MARC21slim.xsd"
    xmlns="http://www.loc.gov/MARC21/slim">

  <leader>02695nam a22002657a 4500</leader>
  <controlfield tag="005">20240305165429.0</controlfield>
  <controlfield tag="007">cr||||   |||| </controlfield>
  <controlfield tag="008">150407s2015    mx |||||s|||| 00||0 spa d</controlfield>
  <datafield tag="020" ind1=" " ind2=" ">
    <subfield code="a">978-607-440-749-5</subfield>
  </datafield>
  <datafield tag="035" ind1=" " ind2=" ">
    <subfield code="a">12657</subfield>
  </datafield>
  <datafield tag="040" ind1=" " ind2=" ">
    <subfield code="a">vLex</subfield>
  </datafield>
  <datafield tag="090" ind1=" " ind2=" ">
    <subfield code="c">5393</subfield>
    <subfield code="d">5393</subfield>
  </datafield>
  <datafield tag="100" ind1="1" ind2=" ">
    <subfield code="a">P&#xE9;rez Chavez, Jos&#xE9;</subfield>
  </datafield>
  <datafield tag="245" ind1="1" ind2="0">
    <subfield code="a">Cuca y Cufin</subfield>
    <subfield code="h">[Recurso electr&#xF3;nico] :</subfield>
    <subfield code="b">Tratamiento fiscal 2015 /</subfield>
    <subfield code="c">Jos&#xE9; P&#xE9;rez Chavez, Raymundo Fol Olguin</subfield>
  </datafield>
  <datafield tag="256" ind1=" " ind2=" ">
    <subfield code="a">Servicio en l&#xED;nea</subfield>
  </datafield>
  <datafield tag="260" ind1=" " ind2=" ">
    <subfield code="a">M&#xE9;xico DF:</subfield>
    <subfield code="b">Tax Editores,</subfield>
    <subfield code="c">2015</subfield>
  </datafield>
  <datafield tag="300" ind1=" " ind2=" ">
    <subfield code="a">1 recurso electr&#xF3;nico</subfield>
  </datafield>
  <datafield tag="500" ind1=" " ind2=" ">
    <subfield code="a">De acuerdo con la legislaci&#xF3;n fiscal, las personas morales tienen, entre otras, la obligaci&#xF3;n de llevar las cuentas siguientes: 1. Capital de aportaci&#xF3;n (Cuca). 2.  De utilidad fiscal neta (Cufin). Estas cuentas ser&#xE1;n utilizadas a efecto de determinar la existencia o no de utilidades gravables sujetas al pago del ISR cuando se reparten dividendos o utilidades, cuando se realiza una reducci&#xF3;n de capital o una liquidaci&#xF3;n de personas morales. Debido a que a partir del 1o. de enero de 2014 las personas f&#xED;sicas est&#xE1;n sujetas a una retenci&#xF3;n del 10% de ISR sobre los dividendos distribuidos por las personas morales residentes en M&#xE9;xico, cuando provengan de las utilidades generadas a partir del ejercicio de 2014, las personas morales estar&#xE1;n obligadas a mantener la Cufin con las utilidades generadas hasta el 31 de diciembre de 2013 e iniciar otra Cufin con las utilidades generadas a partir del 1o. de enero de 2014. Esto con el objeto de identificar de qu&#xE9; Cufin provienen los dividendos o utilidades distribuidos a las personas f&#xED;sicas, y as&#xED; saber si procede realizar o no la citada retenci&#xF3;n del 10% de ISR. La presente obra se elabor&#xF3; con base en las disposiciones fiscales que contiene la Ley del ISR, en vigor a partir del 1o. de enero de 2015, as&#xED; como la Resoluci&#xF3;n Miscel&#xE1;nea Fiscal vigente. En el desarrollo de la presente obra abordamos, de forma clara y precisa, c&#xF3;mo se constituye cada una de estas cuentas, qu&#xE9; elementos las integran, cu&#xE1;les son sus implicaciones fiscales, entre otros aspectos m&#xE1;s, por lo que es de suma utilidad para los interesados en el tema.</subfield>
  </datafield>
  <datafield tag="506" ind1="1" ind2=" ">
    <subfield code="a">Disponible solo en los productos indicados</subfield>
    <subfield code="d">vLex Global</subfield>
    <subfield code="d">vLex Global (Academic Edition, excluding Law Schools)</subfield>
    <subfield code="d">vLex Global (U.S. Academic Edition, Law Schools)</subfield>
    <subfield code="d">vLex Global (U.S. Academic Edition, excluding Law Schools)</subfield>
    <subfield code="d">vLex Global (Academic Edition, Law Schools)</subfield>
  </datafield>
  <datafield tag="650" ind1="0" ind2="4">
    <subfield code="a">Derecho Fiscal</subfield>
    <subfield code="z">M&#xE9;xico</subfield>
  </datafield>
  <datafield tag="700" ind1="1" ind2=" ">
    <subfield code="a">Fol Olguin, Raymundo</subfield>
  </datafield>
  <datafield tag="740" ind1="0" ind2=" ">
    <subfield code="a">vLex Libros (Servicio en l&#xED;nea)</subfield>
  </datafield>
  <datafield tag="856" ind1="4" ind2="0">
    <subfield code="u">https://app.vlex.com/#/sources/cuca-y-cufin-tratamiento-fiscal-2015-12657</subfield>
  </datafield>
  <datafield tag="942" ind1=" " ind2=" ">
    <subfield code="c">RAA</subfield>
  </datafield>
  <datafield tag="952" ind1=" " ind2=" ">
    <subfield code="0">0</subfield>
    <subfield code="1">0</subfield>
    <subfield code="4">0</subfield>
    <subfield code="7">0</subfield>
    <subfield code="8">VLEX</subfield>
    <subfield code="9">321726</subfield>
    <subfield code="a">BD-UIN</subfield>
    <subfield code="b">BD-UIN</subfield>
    <subfield code="d">2024-03-05</subfield>
    <subfield code="l">0</subfield>
    <subfield code="p">12657</subfield>
    <subfield code="r">2024-03-05</subfield>
    <subfield code="w">2024-03-05</subfield>
    <subfield code="y">RAA</subfield>
  </datafield>
  <datafield tag="999" ind1=" " ind2=" ">
    <subfield code="c">163735</subfield>
    <subfield code="d">163735</subfield>
  </datafield>
</record>
